000 00653cam a22002053a 4500
001 42571
003 PGUSA
005 20140828083949.0
008 130422s2013||||xxu|||||s|||||000 | eng d
040 _aPGUSA
_beng
042 _adc
100 1 _aConway, Moncure Daniel,
_d1832-1907
245 1 0 _aTravels in South Kensington :
_bwith Notes on Decorative Art and Architecture in England
_h[electronic resource] /
_cMoncure Daniel Conway
260 _bProject Gutenberg,
_c2013
506 _aPublic domain in the USA.
516 _aElectronic text
830 0 _aProject Gutenberg
_v42571
856 4 0 _uhttp://www.gutenberg.org/ebooks/42571
942 _cEB
999 _c271823
_d271823